| 000 | 01423nam a22004217a 4500 | ||
|---|---|---|---|
| 001 | T0000808 | ||
| 003 | KOHA_MİRAKIL | ||
| 005 | 20260207004739.0 | ||
| 007 | ta | ||
| 008 | 230104b2022 tu |||grm|||#0|||0|tur | | ||
| 040 |
_aTR-BiSEU _btur _cTR-BiSEU _erda |
||
| 041 | 0 | _atur | |
| 044 | _ctu | ||
| 050 | 0 | 0 |
_aTez _b808 |
| 100 | 1 | _aAkyol, Sinem. | |
| 245 | 1 |
_aMilli mücadele dönemi hatıralarında hastalıklar/ _cSinem Akyol ; Sinem Akyol; danışman Taner Bilgin. |
|
| 264 | 1 |
_aBilecik : _bBilecik Şeyh Edebali Üniversitesi _c2022 |
|
| 300 |
_aVI, 119 sayfa: resimli; 30 cm. + _e1CD-ROM. |
||
| 336 |
_ametin _btxt _2rdacontent |
||
| 337 |
_aaracısız _bn _2rdamedia |
||
| 338 |
_acilt _bnc _2rdacarrier |
||
| 490 | 0 | _aRef. | |
| 490 | 0 | _aNo: 10491443 | |
| 500 | _aKaynakça var. | ||
| 500 | _aİngilizce Eser Adı: Diseases in memory of the national struggle. | ||
| 502 | _aTez (Yüksek Lisans) -- Bilecik Şeyh Edebali Üniversitesi Sosyal Bilimler Enstitüsü Tarih Anabilim Dalı, Bilecik, . | ||
| 650 | 0 |
_aMilli Mücadele. _94897 |
|
| 650 | 0 |
_aSalgın Hastalıklar. _9129779 |
|
| 650 | 0 |
_aBeslenme. _91530 |
|
| 650 | 0 |
_aSağlık Hizmetleri. _9129780 |
|
| 650 | 0 |
_aNational Struggle. _962638 |
|
| 650 | 0 |
_aEpidemic Diseases. _9129781 |
|
| 650 | 0 |
_aHealth Sevices. _9129782 |
|
| 830 | 0 |
_aRef. _9123605 |
|
| 830 | 0 |
_aNo: 10491443 _9129783 |
|
| 856 | 4 | 0 | _uhttps://hdl.handle.net/11552/2782 |
| 907 | _aYüksek Lisans | ||
| 942 |
_2lcc _cTS |
||
| 999 |
_c68675 _d68675 |
||